Miroslav Zvonek 6.60.600 /

Gespeichert in:
Bibliographische Detailangaben
1. Verfasser: Zvonek, Miroslav, 1955 (Verfasst von)
Format: Buch
Sprache:Tschechisch
Veröffentlicht: Brno : Vysoké učení technické v Brně, 2015
Ausgabe:1. vyd.
Schlagworte:
Tags: Tag hinzufügen
Keine Tags, Fügen Sie das erste Tag hinzu!

MARC

LEADER 00000nam a22000003a 4500
001 0008985
003 SK-STU
005 20220215183926.7
007 ta
008 151116s ----xo-----e------000-0-----d
020 |a 978-80-214-5214-5  |a 978-80-227-4379-2 
040 |a STU  |b slo 
041 0 |a cze 
044 |a xr 
100 1 |a Zvonek, Miroslav,  |d 1955  |r Z1  |u 059190  |4 aut  |9 100  |U FAD Fakulta architektúry  |T FA Ústav dizajnu  |X 71218  |U A9190  |Y 400  |7 A000071218 
245 1 0 |a Miroslav Zvonek 6.60.600 /  |c aut. Miroslav Zvonek 
250 |a 1. vyd. 
260 |a Brno :  |b Vysoké učení technické v Brně,  |c 2015 
300 |a 92 s. 
650 4 |a design 
650 4 |a plastika 
650 4 |a Fotografia 
996 |b 284AU06606  |c A* 9658/U  |l AAKNST  |s P  |a 0  |w 0008985_0001 
996 |b 284AU06607  |c A* 9659/U  |l AAKNAR  |s A  |a 24  |w 0008985_0002